| 000 | 00000nam##2200000za#4500 |
| 001 | 9.578636 |
| 003 | CaOODSP |
| 005 | 20210624190200 |
| 007 | cr ||||||||||| |
| 008 | 150406|2005||||xxc|||||o f|0| 0 eng|d |
| 040 | |aCaOODSP|beng |
| 043 | |an-cn--- |
| 086 | 1 |aFs3-4/2005-02E-PDF |
| 110 | 1 |aCanada. |bDepartment of Fisheries and Oceans. |
| 245 | 10|aTransboundary Resources Assessment Committee (TRAC) : |h[electronic resource]|breport of meeting held 14-17 June 2005, Hachey Conference Centre, St. Andrew's Biological Station, St. Andrew's, New Brunswick, Canada / |cmeeting chairpersons R. O'Boyle and W. Overholtz. |
| 260 | |aOttawa - Ontario : |bFisheries and Oceans Canada |cOctober 2005. |
| 300 | |a31p.|btables |
| 490 | 1 |aTransboundary Resource Assessment Committee proceedings|v2005/02 |
| 546 | |a(Résumé et avant-propos en français) |
| 590 | |a14-10-Supp|b2014-05-08 |
| 830 | #0|aTransboundary Resource Assessment Committee proceedings ;|v2005/02|w(CaOODSP)9.507741 |
| 856 | 40|ahttp://publications.gc.ca|qPDF|s124 KB|uhttps://publications.gc.ca/collections/collection_2014/mpo-dfo/Fs3-4-2005-02-eng.pdf|y2005/02 |